000 01087nam0a22002531 4500
001 rc\562273
005 20260407091113.0
035 _a(NLR Aleph) 005797291
090 _a5259525
_c5259525
100 _a20030616d1988 |||y0rusy50 ca
101 0 _arus
102 _aRU
105 _aa |||||||||
200 1 _aКоличественные параметры природной среды в плейстоцене
_eСб. науч. тр.
_fАН СССР, Дальневост. отд-ние, Тихоокеан. ин-т географии
_g[Отв. ред. А.М. Короткий, С.С. Ганзей]
210 _aВладивосток
_cДВО АН СССР
_d1988
215 _a215 с.
_cил.
_d20
320 _aБиблиогр. в конце ст.
702 1 _aКороткий
_bА.М.
_gАлексей Михайлович
_4340
712 0 2 _aТихоокеанский институт географии
_cВладивосток
_3RU\NLR\AUTH\8815543
_9304269
801 0 _aRU
_bNLR
_gpsbo
801 1 _aRU
_bELAR
_2rusmarc
852 _aNLR
_j88-3/12849
942 _cBOOK
980 _aNB